Дорогами сорокріччя (Запис № 580663)

МАРК-запис
000 -Лідер
fixed length control field 00838 a2200217 4500
003 - Ідентифікатор контрольного номера
control field UA-OsUOA
005 - Дата та час останнього входження (трансакції)
control field 20260507160442.0
008 - Елементи даних фіксованої довжини – загальна інформація
fixed length control field 260507b un ||||| |||| 00| 0 ukr d
040 ## - Джерело каталогізації
Агенція оригінальної каталогізації UA-OsUOA
Мова каталогізації ukr
Агенція, яка здійснювала перезапис UA-OsUOA
Агенція, яка здійснювала модифікацію UA-OsUOA
041 ## - Код мови
Код мови тексту/ звукової доріжки чи окремого заголовка (П) ukr
-- eng
080 ## - Індекс Універсальної десяткової класифікації
Індекс Універсальної десяткової класифікації (УДК) (НП) 061
090 ## - Локальний шифр розміщення
Класифікаційний індекс УДК 061
Авторський знак (НП) Д69
245 ## - Відомості про назву
Назва (НП) Дорогами сорокріччя
Дані про відповідальність (НП) опрацювала Наталя Левенець-Когуська
246 ## - Інша форма назви
Назва (НП) Forty Years in Retrospect
260 ## - Публікація, розповсюдження і т.п. (Вихідні дані)
Ім’я/ наймення видавництва, розповсюджувача і т.п. (П) Союз Українок Канади
Дата публікації, розповсюдження і т.п. (П) 1967
Місце публікації, розповсюдження і т.п. (П) Гамільтон ;
-- Торонто ;
-- Вінніпеґ
300 ## - Фізичний опис
Обсяг 32 с.
650 ## - Додаткове предметне введення – тематичний термін
Джерело заголовка чи терміна UDC
Тематичний термін чи географічна назва, як елемент введення (НП) 061 Організації та інші типи об’єднань
9 (RLIN) 2087
942 ## - Додаткові елементи входу (Коха)
Тип елемента Koha Книги
Source of classification or shelving scheme Universal Decimal Classification
955 ## - Код типу видання за змістом
Код типу видання за змістом (НП) інше
Фонди
Стан вилучень Стан втрат Джерело класифікації або схеми стелажів Стан уражень Не для кредиту Постійне місце розташування Поточне розміщення Дата придбання Джерело придбання Вартість, звичайна ціна покупки Інвентарний номер Усього замовленно Повний номер виклику Штрих-код Дата останнього перегляду Вартість, ціна заміни Ціна ефективна від Тип елемента Koha Примітка, призначена для загального доступу
    Universal Decimal Classification     Наукова бібліотека ІДУД Наукова бібліотека ІДУД 07/05/2026 №15/06.05.2026 (ІДУД) 1.00 300881   061 Д69 300881 07/05/2026 1.00 07/05/2026 Книги Книгу отримано в дар від Романа Єринюка ; містить напис